[Event "EU-chG18"]
[Site "Herceg Novi MNE"]
[Date "2006.09.12"]
[Round "3"]
[White "Gunina,V"]
[Black "Paulet,I"]
[Result "0-1"]
[WhiteElo "2368"]
[BlackElo "2123"]

1.d4 Nf6 2.c4 e6 3.Nf3 Bb4+ 4.Nc3 O-O 5.Bg5 c5 6.d5 Bxc3+ 7.bxc3 d6 8.e3 h6
9.Bh4 g5 10.Nxg5 hxg5 11.Bxg5 Kg7 12.Bd3 Rh8 13.O-O Qe8 14.Qf3 Nh7 15.Bh4 e5
16.e4 Rg8 17.Qe3 f6 18.f4 Kh8 19.Rf2 Qh5 20.Bg3 Qh6 21.Raf1 Bg4 22.h3 Bd7
23.Be2 Na6 24.Rf3 Rg7 25.Bh2 Rag8 26.g4 Qh4 27.Kh1 Nc7 28.g5 exf4 29.Qxf4 Qxf4
30.Rxf4 fxg5 31.R4f3 Ne8 32.e5 g4 33.Rg3 dxe5 34.hxg4 Bxg4 35.Rxg4 Rxg4 36.Bxg4 Rxg4
37.Rf7 Rg7 38.Bxe5 Kg8 39.Rf3 Rf7 40.Rg3+ Kf8 41.a4 Nhf6 42.Bf4 Rh7+ 43.Kg2 Nh5
44.Rf3 Nxf4+ 45.Rxf4+ Rf7 46.Rh4 Nd6 47.Rh8+ Ke7 48.Rb8 Kd7  0-1

[Event "TCh-ESP Honor Gp2"]
[Site "San Sebastian ESP"]
[Date "2006.09.13"]
[Round "1"]
[White "Aronian,L"]
[Black "Tiviakov,S"]
[Result "1/2-1/2"]
[WhiteElo "2761"]
[BlackElo "2668"]

1.d4 Nf6 2.c4 e6 3.Nc3 Bb4 4.Nf3 c5 5.g3 cxd4 6.Nxd4 O-O 7.Bg2 d5 8.cxd5 Nxd5
9.Qb3 Na6 10.O-O Nxc3 11.bxc3 Be7 12.Rd1 Nc5 13.Qc4 Qa5 14.Be3 e5 15.Nb3 Qa4
16.Qd5 Ne6 17.Rd2 Bf6 18.Rad1 Re8 19.c4 h6 20.Qb5 Qxb5 21.cxb5 Bg5 22.Na5 Bxe3
23.fxe3 Rb8 24.Rc1 Kf8 25.Nc4 Rd8 26.Rb2 f6 27.b6 axb6 28.Rxb6 Nc5 29.Na5 Na4
30.Rb4 Bd7 31.Bxb7 Be8 32.Rc2 Rd5 33.Bxd5 Rxb4 34.Bb3 Rb5 35.Nc4 Ke7 36.Na3 Rb7
37.Rc4 Ra7 38.Nc2 Bb5 39.Rc8 Bxe2 40.Nb4 Bf3 41.Kf2 Ba8 42.g4 Kd6 43.Nd3 Be4
44.Rd8+ Ke7 45.Rg8 Kd6 46.Rd8+ Ke7  1/2-1/2

[Event "Mitropa Cup Men"]
[Site "Brno CZE"]
[Date "2006.09.14"]
[Round "8"]
[White "Cech,P"]
[Black "Berczes,D"]
[Result "1/2-1/2"]
[WhiteElo "2417"]
[BlackElo "2461"]

1.d4 Nf6 2.c4 e6 3.Nc3 Bb4 4.Nf3 b6 5.Bg5 Bb7 6.Nd2 h6 7.Bh4 Nc6 8.e3 Ne7
9.Bxf6 gxf6 10.Qb3 c5 11.O-O-O Bxc3 12.Qxc3 cxd4 13.Qxd4 Nf5 14.Qf4 Qb8 15.Qxb8+ Rxb8
16.Bd3 Nd6 17.f3 Rc8 18.Kb1 f5 19.Rhe1 Ke7 20.Rc1 h5 21.h4 Rhg8 22.Bf1 f6
23.Nb3 Nf7 24.c5 Ne5 25.cxb6 axb6 26.Rxc8 Bxc8 27.Nd4 Ng6 28.g3 Nh8 29.Rc1 Nf7
30.Bd3 Bb7  1/2-1/2

[Event "XVI WSen"]
[Site "Arvier ITA"]
[Date "2006.09.15"]
[Round "5"]
[White "Karl,H"]
[Black "Serra Olives,T"]
[Result "1-0"]
[WhiteElo "2240"]
[BlackElo "2140"]

1.d4 Nf6 2.c4 e6 3.Nc3 Bb4 4.Nf3 O-O 5.e3 c5 6.Be2 cxd4 7.exd4 d5 8.O-O dxc4
9.Bxc4 Nc6 10.Bg5 Be7 11.Rc1 a6 12.a3 b5 13.Ba2 Bb7 14.Bb1 Re8 15.Qd3 g6
16.Rfd1 Rc8 17.b4 Nb8 18.Ba2 Nbd7 19.h3 Nb6 20.Ne5 Nfd5 21.Bxe7 Qxe7 22.Nxd5 Bxd5
23.Bxd5 Nxd5 24.Rc5 Qg5 25.Qf3 Qf4 26.Qxf4 Nxf4 27.Kf1 Nd5 28.Rdc1 Nb6 29.Ke2 Kg7
30.g3 g5 31.Kd3 h5 32.Ke4 f6 33.Rc7+ Kg8 34.Nd7 f5+ 35.Kd3 Rxc7 36.Rxc7 Nd5
37.Rc6 a5 38.Nb6 axb4 39.Nxd5 exd5 40.axb4 Kf7 41.Rd6 Ra8 42.Rxd5 Ra3+ 43.Ke2 Ra2+
44.Kf1 Ke6 45.Re5+ Kf6 46.Rxb5 Rd2 47.d5 Ke5 48.Ke1 Ra2 49.d6+ Ke4 50.d7 Ra1+
51.Ke2 Ra2+ 52.Kd1 Ra1+ 53.Kc2 Ra2+ 54.Kc3 Ra3+ 55.Kc4 Ra8 56.Kc5 f4 57.Kd6 h4
58.gxh4 gxh4 59.Re5+ Kf3 60.Re8  1-0

[Event "XVI WSen"]
[Site "Arvier ITA"]
[Date "2006.09.16"]
[Round "6"]
[White "Johnsen,G"]
[Black "Viner,P"]
[Result "1-0"]
[WhiteElo "2215"]
[BlackElo "2140"]

1.d4 Nf6 2.c4 e6 3.Nc3 Bb4 4.Nf3 d5 5.cxd5 exd5 6.Bg5 c6 7.Qc2 Nbd7 8.e3 Nf8
9.Bd3 Ne6 10.Bh4 Be7 11.O-O g6 12.b4 O-O 13.Rab1 b6 14.Ne5 Bb7 15.f4 Ng7
16.f5 Nfe8 17.fxg6 hxg6 18.Bxg6 f5 19.Bxe7 Qxe7 20.Bxf5 Rxf5 21.Rxf5 Nxf5
22.Qxf5 Bc8 23.Qg6+ Ng7 24.Qxc6  1-0

[Event "7th Masters"]
[Site "Lausanne SUI"]
[Date "2006.09.17"]
[Round "3.1"]
[White "Predojevic,B"]
[Black "Kosintseva,T"]
[Result "1-0"]
[WhiteElo "2569"]
[BlackElo "2479"]

1.d4 Nf6 2.c4 e6 3.Nc3 Bb4 4.Nf3 d5 5.cxd5 exd5 6.Bg5 O-O 7.e3 c5 8.Bd3 c4
9.Bc2 Nbd7 10.O-O Qa5 11.Qc1 Bxc3 12.bxc3 Ne4 13.Be7 Re8 14.Bb4 Qc7 15.Nd2 a5
16.Nxe4 dxe4 17.Qa3 Ra6 18.Be7 Rh6 19.h4 Nf6 20.Bxf6 Rxf6 21.Rab1 b6 22.Rb5 Bd7
23.Re5 Rxe5 24.dxe5 Qxe5 25.Rd1 Qe8 26.Rd4 Bc6 27.Rxc4 g6 28.Rd4 Kg7 29.Qb2 Qe5
30.Qxb6 Qh5 31.Rd2 Qxh4 32.Qd8 Qg5 33.Rd6 Qe5 34.Rxf6 Qxf6 35.Qxa5 h5 36.Qc5 Qe6
37.Bb3 Qe8 38.a4 Qb8 39.Qxc6 Qxb3 40.Qxe4 Qd1+ 41.Kh2 Qd6+ 42.g3 Qa6 43.Kg2  1-0

[Event "Greek Teams Cup m1"]
[Site "Athens GRE"]
[Date "2006.09.30"]
[Round "1.2"]
[White "Mastrovasilis,A"]
[Black "Kalesis,N"]
[Result "0-1"]
[WhiteElo "2521"]
[BlackElo "2435"]

1.d4 Nf6 2.c4 e6 3.Nc3 Bb4 4.Nf3 c5 5.g3 Ne4 6.Bd2 Bxc3 7.bxc3 b6 8.Bg2 Bb7
9.O-O Nxd2 10.Qxd2 O-O 11.dxc5 bxc5 12.Rab1 Be4 13.Rb5 Na6 14.Qd6 Bc6 15.Ne5 Bxb5
16.cxb5 Qc7 17.Rd1 Qxd6 18.Rxd6 Nc7 19.c4 Rac8 20.Rxd7 Rfd8 21.Rxf7 Nxb5
22.cxb5 Rd1+ 23.Bf1 c4 24.Rf4 c3 25.Nc6 Rxc6 26.bxc6 c2 27.Rc4 c1=Q 28.Rxc1 Rxc1
29.e3 Kf8 30.Kg2 Rxc6 31.Bd3 h6 32.h4 Rc3 33.Bb5 Ke7 34.Kf3 Kd6 35.Kg4 Rc2
36.f4 Rxa2 37.Kh5 Ra3 38.g4 Rxe3 39.Kg6 Re4 40.Kxg7 Rxf4 41.g5 a5 42.g6 a4
43.Kxh6 a3 44.g7 Rg4 45.Bc4 Ke7  0-1

[Event "Monarch Assurance Isle of Man"]
[Site "Port Erin IOM"]
[Date "2006.09.30"]
[Round "8"]
[White "Stocek,J"]
[Black "Iordachescu,V"]
[Result "0-1"]
[WhiteElo "2561"]
[BlackElo "2603"]

1.d4 Nf6 2.c4 e6 3.Nc3 Bb4 4.Nf3 c5 5.g3 Ne4 6.Bd2 Bxc3 7.bxc3 O-O 8.Bg2 Nc6
9.O-O d6 10.Be3 Qe7 11.Qd3 f5 12.Rad1 Rd8 13.Nd2 Nf6 14.Nb3 cxd4 15.cxd4 Bd7
16.Bf4 Rac8 17.Qe3 b6 18.d5 Ng4 19.Qc3 Nce5 20.h3 Rxc4 21.Qb2 Nf6 22.Bxe5 dxe5
23.Qxe5 Re8 24.d6 Qf8 25.Rc1 Rec8 26.Rxc4 Rxc4 27.Rd1 Qc8 28.Bf3 Rc2 29.g4 fxg4
30.hxg4 h6 31.g5 hxg5 32.Qxg5 Rxa2 33.Nd4 Ra5 34.Qe3 Rc5 35.Qa3 e5 36.Nb3 Rc3
37.Qb2 e4 38.Bg2 Ba4 39.Rc1 Rxc1+ 40.Nxc1 Qc4 41.Bh3 Kf7 42.Na2 Qb3 43.Qe5 Qxh3  0-1

[Event "15th TCh-CRO"]
[Site "Sibenik CRO"]
[Date "2006.10.02"]
[Round "11"]
[White "Petkov,V"]
[Black "Kutuzovic,B"]
[Result "1/2-1/2"]
[WhiteElo "2480"]
[BlackElo "2324"]

1.d4 Nf6 2.c4 e6 3.Nc3 Bb4 4.Nf3 c5 5.g3 Nc6 6.Bg2 Ne4 7.Bd2 Nxd2 8.Qxd2 cxd4
9.Nxd4 O-O 10.a3 Be7 11.O-O a6 12.Rfd1 Qb6 13.Nc2 d6 14.b4 Rd8 15.Ne3 Bf8
16.Rab1 Qc7 17.Rbc1 Qe7 18.b5 axb5 19.cxb5 Na5 20.Qd3 Bd7 21.Na4 d5 22.Nb6 Rab8
23.Qc3 Qxa3 24.Qxa3 Bxa3 25.Ra1 Bb4 26.Nxd7 Rxd7 27.Ra4 Bc3 28.Rd3 Rc7 29.Bxd5 b6
30.Bf3 Bb2 31.Ra2 Bf6 32.Ng4 Bc3 33.Bc6 h5 34.Rxc3 hxg4 35.Ra4 f5 36.e4 g6
37.Rd4 Nxc6 38.Rd6 Kf7 39.e5 Ra7 40.Rcxc6 Re8 41.Rxb6 Ra1+ 42.Kg2 Re1 43.Rb7+ Re7
44.Rdd7 Rxd7 45.Rxd7+ Ke8 46.Rg7 Kd8 47.b6 Kc8 48.f4 Rb1 49.Rc7+ Kd8 50.Rc6 Kd7
51.Rd6+ Ke7 52.Kf2 Rb2+ 53.Ke1 Rxh2 54.Kd1 Rg2 55.Rd3 Rb2 56.Rd6 Rg2 57.Rd3 Rb2
58.Rd6 Rg2  1/2-1/2

[Event "WJun"]
[Site "Yerevan ARM"]
[Date "2006.10.03"]
[Round "1"]
[White "Kozlov,R"]
[Black "Pashikian,A"]
[Result "0-1"]
[WhiteElo "2337"]
[BlackElo "2527"]

1.d4 Nf6 2.c4 e6 3.Nc3 Bb4 4.Nf3 d5 5.Bg5 O-O 6.e3 c5 7.Rc1 Nbd7 8.cxd5 exd5
9.Bd3 c4 10.Bb1 Qa5 11.O-O Bxc3 12.bxc3 Ne4 13.Bf4 Ndf6 14.Qc2 Nh5 15.Be5 Qa6
16.Qe2 f6 17.Bg3 Bg4 18.Qb2 Qb6 19.Qc2 g6 20.Rfe1 Bf5 21.Qd1 Qb2 22.Re2 Qa3
23.Qe1 Bg4 24.Rec2 Rae8 25.Nd2 Nexg3 26.hxg3 Bf5 27.e4 Bxe4 28.Nxe4 f5 29.Qd2 fxe4
30.Rb2 Nxg3 31.Re1 Nf5 32.Rxb7 Rb8 33.Rd7 Rbd8 34.Rxd8 Rxd8 35.Qg5 Rf8 36.Qd2 Rb8
37.Rf1 Qb2 38.Qf4 Rd8 39.f3 Qxc3 40.fxe4 Qxd4+ 41.Kh1 dxe4 42.g4 e3  0-1

[Event "WJun"]
[Site "Yerevan ARM"]
[Date "2006.10.05"]
[Round "3"]
[White "Zhao Jun"]
[Black "Ong,Kez"]
[Result "1-0"]
[WhiteElo "2539"]
[BlackElo "2328"]

1.d4 Nf6 2.c4 e6 3.Nc3 Bb4 4.Nf3 c5 5.g3 cxd4 6.Nxd4 O-O 7.Bg2 d5 8.cxd5 Nxd5
9.Qb3 Qb6 10.Bxd5 exd5 11.Be3 Bh3 12.g4 Nd7 13.Nf5 Nc5 14.Qc2 Bg2 15.Rg1 Be4
16.Qd2 Qa5 17.f3 f6 18.Kf2 Rfd8 19.Bd4 Bxf5 20.gxf5 Kf7 21.Rxg7+ Kxg7 22.Rg1+ Kf7
23.Qh6 Nd3+ 24.exd3 Ke7 25.Rg7+ Ke8 26.Qh5+  1-0

[Event "WJun"]
[Site "Yerevan ARM"]
[Date "2006.10.05"]
[Round "3"]
[White "Melkumyan,H"]
[Black "Baramidze,D"]
[Result "1/2-1/2"]
[WhiteElo "2391"]
[BlackElo "2585"]

1.d4 Nf6 2.c4 e6 3.Nc3 Bb4 4.Nf3 c5 5.g3 Nc6 6.Bg2 Ne4 7.Bd2 Bxc3 8.Bxc3 Nxc3
9.bxc3 d6 10.dxc5 dxc5 11.Qxd8+ Nxd8 12.Ne5 Rb8 13.O-O-O Ke7 14.Nd3 b6 15.Ne5 f6
16.Nc6+ Nxc6 17.Bxc6 Rd8 18.Rxd8 Kxd8 19.Rd1+ Kc7 20.Be8 a6 21.f3 Rb7 22.h4 Kb8
23.Rd8 Re7 24.Ba4 Kc7 25.Rh8 h6 26.Bc2 a5 27.g4 Ba6 28.Bd3 e5 29.Kd2 e4 30.fxe4 Bc8
31.g5 fxg5 32.hxg5 hxg5 33.Rh5 Re5 34.Rh7 Re7 35.Rh5  1/2-1/2

[Event "WJun"]
[Site "Yerevan ARM"]
[Date "2006.10.05"]
[Round "3"]
[White "Kozlov,R"]
[Black "Margvelashvili,G"]
[Result "1/2-1/2"]
[WhiteElo "2337"]
[BlackElo "2456"]

1.d4 Nf6 2.c4 e6 3.Nc3 Bb4 4.Nf3 b6 5.Bg5 Bb7 6.e3 h6 7.Bh4 Qe7 8.Bd3 Bxc3+
9.bxc3 d6 10.Qa4+ Nbd7 11.O-O-O g5 12.Bg3 Ne4 13.Kb2 f5 14.Ne1 a6 15.f3 b5
16.Qc2 bxc4 17.Bxc4 Nb6 18.Bd3 Nxg3 19.hxg3 Bc6 20.Rb1 Ba4 21.Qd2 Bb5 22.Ka1 Nc4
23.Bxc4 Bxc4 24.e4 Qh7 25.Qe3 Bb5 26.e5 Qg6 27.f4 Kd7 28.Nf3 gxf4 29.gxf4 Bc6
30.exd6 cxd6 31.Nd2 Rhb8 32.Rb3 Rxb3 33.axb3 Rb8 34.Rh3 Rg8 35.d5 Bxd5 36.Qa7+ Ke8
37.Qb8+ Kd7 38.Qa7+ Ke8 39.Qb8+ Kd7 40.Qa7+  1/2-1/2

[Event "WJun"]
[Site "Yerevan ARM"]
[Date "2006.10.06"]
[Round "4"]
[White "Melkumyan,H"]
[Black "Filippov,An UZB"]
[Result "0-1"]
[WhiteElo "2391"]
[BlackElo "2501"]

1.d4 Nf6 2.c4 e6 3.Nc3 Bb4 4.Nf3 b6 5.Bg5 h6 6.Bh4 Bb7 7.Nd2 Bxc3 8.bxc3 d6
9.f3 Nbd7 10.e3 Qe7 11.Bd3 e5 12.e4 Qe6 13.Nf1 Nh5 14.Ne3 g5 15.Bf2 O-O-O
16.Qa4 Nf4 17.Bf1 Kb8 18.O-O-O Nf6 19.d5 Qe7 20.h4 g4 21.Nxg4 Nxg4 22.fxg4 Rdg8
23.g3 Ng6 24.Be2 Nf8 25.Be3 Bc8 26.g5 Nh7 27.c5 dxc5 28.d6 cxd6 29.Qc6 Rg6
30.Qd5 Rd8 31.Bh5 Rg7 32.Rhf1 Be6 33.Qd2 hxg5 34.hxg5 Kc7 35.Rf5 Bxf5 36.exf5 Nxg5
37.Qd5 e4 38.Bf4 Nh3 39.Be2 Nxf4 40.gxf4 Rg3 41.Ba6 Kb8 42.f6 Qd7 43.Qxe4 d5
44.Qe5+ Qc7 45.Rxd5 Rgg8 46.Rxd8+ Rxd8 47.Qe4 Qd7 48.Qe2 Qd6 49.Kc2 Qxf4
50.Kb3 Qxf6 51.Qg2 Qe6+ 52.c4 Qd7  0-1

[Event "WJun"]
[Site "Yerevan ARM"]
[Date "2006.10.06"]
[Round "4"]
[White "Pashikian,A"]
[Black "Romanov,E"]
[Result "1/2-1/2"]
[WhiteElo "2527"]
[BlackElo "2500"]

1.d4 Nf6 2.c4 e6 3.Nc3 Bb4 4.Nf3 b6 5.Bg5 Bb7 6.Nd2 h6 7.Bh4 Nc6 8.e3 Bxc3
9.bxc3 Qe7 10.Be2 e5 11.O-O g5 12.Bg3 h5 13.c5 h4 14.Bxe5 Nxe5 15.dxe5 Qxe5
16.Bf3 Ne4 17.Nxe4 Bxe4 18.Bxe4 Qxe4 19.Qd4 Qxd4 20.cxd4 bxc5 21.dxc5  1/2-1/2

[Event "7th Veselin Boskovic Mem Op"]
[Site "Beograd SRB"]
[Date "2006.10.10"]
[Round "8"]
[White "Tosic,M"]
[Black "Ivanisevic,I"]
[Result "0-1"]
[WhiteElo "2442"]
[BlackElo "2579"]

1.d4 Nf6 2.c4 e6 3.Nc3 Bb4 4.Nf3 c5 5.Bd2 O-O 6.a3 Bxc3 7.Bxc3 Ne4 8.Rc1 b6
9.g3 Ba6 10.Bg2 Nc6 11.d5 exd5 12.cxd5 Na5 13.b4 Nxc3 14.Rxc3 Qf6 15.Rc2 Nb3
16.O-O Rfe8 17.Re1 Bb5 18.bxc5 bxc5 19.e4 d6 20.Qb1 c4 21.Rce2 Rac8 22.e5 dxe5
23.Nxe5 Nd4 24.Re4 c3 25.Ng4 Qb6 26.Ne3 Rxe4 27.Bxe4 g6 28.Kg2 Qc5 29.Qb4 Qxb4
30.axb4 c2 31.Rc1 Kf8 32.Nxc2 Ba4 33.d6 Bxc2 34.Bxc2 Rxc2 35.Ra1 Nb5 36.d7 Ke7
37.Ra5 a6 38.Rxa6 Kxd7 39.Rf6 Nd6 40.h4 h5  0-1

[Event "22nd ECU Club Cup"]
[Site "Feugen AUT"]
[Date "2006.10.10"]
[Round "3"]
[White "Gaertner,G"]
[Black "Roeder,M"]
[Result "1/2-1/2"]
[WhiteElo "2331"]
[BlackElo "2456"]

1.d4 Nf6 2.c4 e6 3.Nc3 Bb4 4.Nf3 b6 5.Qb3 a5 6.Bg5 Bb7 7.e3 h6 8.Bh4 Qe7
9.a3 Bxc3+ 10.Qxc3 d6 11.Bd3 Nbd7 12.Rd1 a4 13.Qc2 e5 14.Bf5 exd4 15.Bxd7+ Kxd7  1/2-1/2

[Event "USCL"]
[Site "ICC INT"]
[Date "2006.10.11"]
[Round "7"]
[White "Bereolos,P"]
[Black "Riordan,C"]
[Result "0-1"]
[WhiteElo "2294"]
[BlackElo "2253"]

1.d4 Nf6 2.c4 e6 3.Nc3 Bb4 4.Nf3 O-O 5.Bg5 b6 6.Nd2 Bb7 7.f3 h6 8.Bh4 d5
9.a3 Be7 10.e3 c5 11.dxc5 bxc5 12.Qb3 Bc6 13.Be2 Nbd7 14.O-O d4 15.exd4 cxd4
16.Ncb1 Nc5 17.Qa2 a5 18.Bf2 Rb8 19.b3 e5 20.a4 Nfd7 21.Qc2 Bg5 22.Re1 Be3
23.Bxe3 dxe3 24.Nf1 Nxb3 25.Ra3 Nd4 26.Qc1 f5 27.Nxe3 f4 28.Nf1 Nxe2+ 29.Rxe2 Qb6+
30.c5 Qxb1 31.Qc4+ Rf7 32.Rd2 Qb4 33.Qa2 Nxc5 34.h4 Bxa4 35.Rd6 Bb3 36.Qa1 a4
37.Qc1 Ne6 38.Rc6 Nd4 39.Rc8+ Rf8  0-1

[Event "22nd ECU Club Cup"]
[Site "Feugen AUT"]
[Date "2006.10.12"]
[Round "5"]
[White "Bareev,E"]
[Black "Grischuk,A"]
[Result "0-1"]
[WhiteElo "2683"]
[BlackElo "2710"]

1.d4 Nf6 2.c4 e6 3.Nc3 Bb4 4.Nf3 c5 5.g3 Nc6 6.Bg2 Ne4 7.Bd2 Bxc3 8.bxc3 O-O
9.O-O Na5 10.Bf4 d5 11.cxd5 Nxc3 12.Qd3 cxd4 13.dxe6 Bxe6 14.Ng5 g6 15.Nxe6 fxe6
16.e3 Nc6 17.Rae1 Rc8 18.exd4 Nxd4 19.Qe3 Rf7 20.Kh1 b5 21.Rc1 b4 22.a3 a5
23.axb4 axb4 24.Be5 Nf5 25.Qf4 Nxg3+ 26.Qxg3 Ne2 27.Qe3 Nxc1 28.Rxc1 Rxc1+
29.Qxc1 Rxf2 30.Ba1 b3 31.h3 Rc2 32.Qb1 Qd2  0-1

[Event "22nd ECU Club Cup"]
[Site "Feugen AUT"]
[Date "2006.10.13"]
[Round "6"]
[White "Grischuk,A"]
[Black "Filippov,Va"]
[Result "1-0"]
[WhiteElo "2710"]
[BlackElo "2562"]

1.d4 Nf6 2.c4 e6 3.Nc3 Bb4 4.Nf3 d5 5.cxd5 exd5 6.Bg5 Nbd7 7.e3 c5 8.Bd3 Qa5
9.Qc2 c4 10.Bf5 O-O 11.O-O g6 12.Bxd7 Nxd7 13.e4 Nb6 14.e5 Bf5 15.Qd2 Rfe8
16.a3 Bf8 17.a4 Nd7 18.h3 a6 19.g4 Be6 20.Bh6 Bb4 21.Ng5 Qb6 22.a5 Bxa5 23.f4 f5
24.exf6 Bf7 25.f5 Bb4 26.fxg6 hxg6 27.Bg7 Ne5 28.Qf2  1-0

[Event "TCh-NED 2006-7"]
[Site "Netherlands NED"]
[Date "2006.10.14"]
[Round "2"]
[White "L'Ami,E"]
[Black "Willemze,T"]
[Result "1-0"]
[WhiteElo "2586"]
[BlackElo "2396"]

1.d4 Nf6 2.c4 e6 3.Nc3 Bb4 4.Nf3 c5 5.g3 O-O 6.Bg2 cxd4 7.Nxd4 Nc6 8.O-O a6
9.e4 Qc7 10.Nde2 Ne5 11.b3 d6 12.Bb2 Rb8 13.Rc1 Bc5 14.h3 h5 15.Kh1 Qe7 16.f4 Ned7
17.Na4 Rd8 18.Nxc5 Nxc5 19.Nc3 b5 20.cxb5 axb5 21.b4 Na6 22.a3 Bb7 23.Qe2 Nc7
24.e5 Bxg2+ 25.Kxg2 dxe5 26.fxe5 Nfd5 27.Ne4 h4 28.Rf3 Ne8 29.Rcf1 Rbc8 30.Qf2 Rd7
31.Bd4 Rc4 32.Bc5 hxg3 33.Rxg3 Qd8 34.Re1 Qa8 35.Kh2 Qa4 36.Re2 Qd1 37.Rd2 Qa1
38.Bd4 Qb1 39.Nd6 Nxd6 40.exd6 Rxd4 41.Qxd4 f6 42.Qg4  1-0

[Event "TCh-NED 2006-7"]
[Site "Netherlands NED"]
[Date "2006.10.14"]
[Round "2"]
[White "Krudde,F"]
[Black "Vogel,Ja"]
[Result "1-0"]
[WhiteElo "2317"]
[BlackElo "2246"]

1.d4 e6 2.c4 Nf6 3.Nc3 Bb4 4.Nf3 b6 5.g3 Bb7 6.Bg2 Bxc3+ 7.bxc3 d6 8.O-O Nbd7
9.Nh4 Bxg2 10.Kxg2 Qc8 11.Qd3 Qb7+ 12.f3 h6 13.Kg1 g5 14.Ng2 O-O-O 15.a4 a5
16.Rb1 e5 17.Qf5 e4 18.Ne3 Rde8 19.f4 Rhg8 20.c5 gxf4 21.Qxf4 dxc5 22.dxc5 Qc6
23.cxb6 cxb6 24.c4 h5 25.c5 Qxc5 26.Rb5 Qc7 27.Nf5 Rg4 28.Nd6+  1-0

[Event "WJun"]
[Site "Yerevan ARM"]
[Date "2006.10.14"]
[Round "11"]
[White "Zhao Jun"]
[Black "Andreikin,D"]
[Result "1/2-1/2"]
[WhiteElo "2539"]
[BlackElo "2507"]

1.d4 Nf6 2.c4 e6 3.Nc3 Bb4 4.Nf3 b6 5.Bg5 Bb7 6.Nd2 Bxc3 7.bxc3 d6 8.f3 h6
9.Bh4 c5 10.e3 Nc6 11.Bd3 Qe7 12.O-O g5 13.Bf2 Rg8 14.a4 Na5 15.Kh1 O-O-O
16.Be2 e5 17.d5 Ba6 18.Bd3 Kc7 19.Qe2 Rde8  1/2-1/2

[Event "65th Ann FPX Festival"]
[Site "Sao Paulo BRA"]
[Date "2006.10.17"]
[Round "3"]
[White "Vescovi,G"]
[Black "Leitao,R"]
[Result "1/2-1/2"]
[WhiteElo "2592"]
[BlackElo "2601"]

1.d4 Nf6 2.c4 e6 3.Nc3 Bb4 4.Nf3 b6 5.Bg5 Bb7 6.Nd2 h6 7.Bh4 Nc6 8.e3 Ne7
9.Bxf6 gxf6 10.Qc2 f5 11.O-O-O Rg8 12.Rg1 Bxc3 13.Qxc3 c5 14.dxc5 bxc5 15.g3 Qc7
16.Bg2 Bxg2 17.Rxg2 O-O-O 18.Qf6 Nc6 19.f4 d5 20.cxd5 Rxd5 21.Nc4 Rxd1+ 22.Kxd1 Qd8+
23.Qxd8+ Rxd8+ 24.Rd2 Rxd2+ 25.Kxd2 Kc7 26.a3 f6 27.Kd3 h5 28.Nd2 Ne7 29.e4 Kc6
30.exf5 exf5 31.Nc4 Nd5 32.Ne3 Nxe3 33.Kxe3 Kd5 34.b3 a6 35.Kd3 Kd6 36.Kc4 Kc6
37.b4 cxb4 38.axb4 Kb6 39.Kc3 Kc6 40.Kb2 Kb5 41.Kb3 Kc6 42.Ka4 Kb6 43.h3 Kb7
44.b5 Kb6 45.bxa6 Kxa6 46.Kb4  1/2-1/2

[Event "10th Essent Open"]
[Site "Hoogeveen NED"]
[Date "2006.10.20"]
[Round "1"]
[White "Schuurman,P"]
[Black "Van der Wiel,J"]
[Result "1/2-1/2"]
[WhiteElo "2239"]
[BlackElo "2522"]

1.d4 Nf6 2.c4 e6 3.Nc3 Bb4 4.Nf3 c5 5.g3 Ne4 6.Qd3 Qa5 7.Qxe4 Bxc3+ 8.Bd2 Bxd2+
9.Nxd2 Nc6 10.d5 Nd4 11.Bg2 Nb3 12.Rd1 Nxd2 13.Rxd2 Qxa2 14.O-O O-O 15.dxe6 fxe6
16.Qd3 Qa5 17.h4 Qc7 18.Ra1 a5 19.Be4 h6 20.Qc3 Ra6 21.Bc2 e5 22.Qd3 Raf6
23.Qh7+ Kf7 24.Ra3 d6 25.Rf3 Rxf3 26.exf3 Rg8 27.f4 Be6 28.fxe5 dxe5 29.Bg6+ Ke7
30.Bf5 Qc8 31.Bxe6 Qxe6 32.Qe4 Rd8 33.Qxb7+ Rd7 34.Rxd7+ Qxd7 35.Qb6 Qd1+
36.Kg2 Qd4 37.Qxa5  1/2-1/2

[Event "10th Essent Open"]
[Site "Hoogeveen NED"]
[Date "2006.10.23"]
[Round "4"]
[White "L'Ami,E"]
[Black "Ernst,S"]
[Result "1/2-1/2"]
[WhiteElo "2593"]
[BlackElo "2512"]

1.d4 Nf6 2.c4 e6 3.Nc3 Bb4 4.Nf3 Nc6 5.Qc2 d6 6.Bd2 O-O 7.a3 Bxc3 8.Bxc3 Qe7
9.g3 e5 10.dxe5 dxe5 11.Bg2 Re8 12.O-O Bg4 13.b3 Rad8 14.Rfd1 Rxd1+  1/2-1/2

[Event "14th Chigorin Mem"]
[Site "St-Petersburg RUS"]
[Date "2006.10.23"]
[Round "1"]
[White "Khamzin,O"]
[Black "Maiorov,N"]
[Result "1/2-1/2"]
[WhiteElo "2318"]
[BlackElo "2481"]

1.d4 Nf6 2.c4 e6 3.Nc3 Bb4 4.Nf3 b6 5.Bg5 Bb7 6.e3 Bxc3+ 7.bxc3 d6 8.Nd2 h6
9.Bh4 Nbd7 10.f3 Qe7 11.Qa4 g5 12.Bf2 c5 13.Bd3 Kd8 14.O-O Kc7 15.e4 Nh5
16.g3 Ng7 17.Rfe1 e5 18.Qd1 Ne6 19.d5 Ng7 20.Nf1 Nf8 21.Ne3 Ng6 22.a4 a5
23.Rb1 Rhb8 24.Qd2 Bc8 25.Nf5 Nxf5 26.exf5 Nh8 27.h4 f6 28.hxg5 hxg5 29.g4 Bd7
30.Bc2 Nf7 31.Kg2 Rh8 32.Bg3 Rab8 33.Qe2 Qf8 34.Rh1 Qg7 35.Rxh8 Rxh8 36.Rh1 Rxh1
37.Kxh1 Qh8+ 38.Kg2 Qe8 39.Qd1 Qh8  1/2-1/2

[Event "14th Chigorin Mem B"]
[Site "St-Petersburg RUS"]
[Date "2006.10.25"]
[Round "4"]
[White "Andreev,Ko"]
[Black "Urjubdshzirov,E"]
[Result "0-1"]
[WhiteElo "2279"]
[BlackElo "2197"]

1.d4 Nf6 2.c4 e6 3.Nc3 Bb4 4.Nf3 b6 5.Bg5 Bb7 6.e3 h6 7.Bh4 g5 8.Bg3 Ne4
9.Qc2 d6 10.Bd3 Bxc3+ 11.bxc3 Nxg3 12.fxg3 Nd7 13.O-O Qe7 14.Be4 Bxe4 15.Qxe4 O-O
16.h4 f5 17.Qc6 g4 18.Nd2 Nf6 19.e4 Qd7 20.Qxd7 Nxd7 21.Rae1 Rf7 22.h5 Kg7
23.exf5 exf5 24.Re6 Nf8 25.Re2 Nh7 26.Rf4 Ng5 27.d5 Raf8 28.Re3 c5 29.dxc6 Rc8
30.Re1 Rxc6 31.Ref1 Rc5 32.Nb3 Ne6 33.Nxc5 Nxf4 34.gxf4 dxc5 35.Rd1 Re7 36.Kf2 Re4
37.Rd7+ Kg8 38.Rxa7 Rxf4+ 39.Ke3 Rxc4 40.Kd3 Re4 41.Ra6 Re6 42.a4 f4 43.Ra8+ Kf7
44.Ra7+ Kf6 45.Ra8 Kg5 46.a5 bxa5 47.Rxa5 f3 48.Rxc5+ Kf4 49.gxf3 gxf3 50.Rc8 Rd6+
51.Kc2 f2 52.Rf8+ Ke3 53.Re8+ Kf3 54.Rf8+ Ke2 55.Re8+ Kf1 56.Rf8 Rd5 57.c4 Rg5
58.c5 Kg2  0-1

[Event "10th Essent Open"]
[Site "Hoogeveen NED"]
[Date "2006.10.27"]
[Round "8"]
[White "L'Ami,E"]
[Black "Goloshchapov,A"]
[Result "1-0"]
[WhiteElo "2593"]
[BlackElo "2552"]

1.d4 Nf6 2.c4 e6 3.Nc3 Bb4 4.Nf3 b6 5.Qc2 Bb7 6.Bg5 O-O 7.e3 d6 8.Bd3 h6
9.Bh4 Nbd7 10.O-O-O Bxc3 11.Qxc3 Rc8 12.Kb1 c5 13.d5 exd5 14.Bf5 Rc7 15.cxd5 Bxd5
16.Ka1 Qa8 17.Bg3 Ne8 18.e4 Bxe4 19.Bxe4 Qxe4 20.Rhe1 Qf5 21.Nh4 Qh5 22.Qc2 Nb8
23.Nf5 Nc6 24.Bxd6 Nb4 25.Qe4 Nxd6 26.Rxd6 c4 27.g4 Qh3 28.Qe5 Qxg4 29.h3 Qg5
30.f4 Qg2 31.Rd2 Qg6 32.Qxc7 Qxf5 33.Qxc4 Qa5 34.Re5 Qa6 35.Qxa6 Nxa6 36.Rd7 Nb8
37.Rc7 Rd8 38.a3 Na6 39.Rxa7 Nc5 40.Ree7 Ne6 41.f5  1-0

[Event "GpB"]
[Site "Cap d'Agde FRA"]
[Date "2006.10.28"]
[Round "5"]
[White "Bacrot,E"]
[Black "Zhao Xue"]
[Result "1-0"]
[WhiteElo "2705"]
[BlackElo "2467"]

1.d4 Nf6 2.c4 e6 3.Nc3 Bb4 4.Nf3 c5 5.g3 cxd4 6.Nxd4 Ne4 7.Qd3 Bxc3+ 8.bxc3 Nc5
9.Qd2 b6 10.Nb5 O-O 11.Nd6 Qc7 12.Ba3 Bb7 13.f3 Nba6 14.Bg2 f5 15.O-O Bc6
16.Rad1 h6 17.Qd4 e5 18.Qd2 Rf6 19.Nb5 Qb7 20.Qe3 Raf8 21.Rd6 Qb8 22.Rfd1 Nb7
23.Rxd7 Bxd7 24.Bxf8 Qe8 25.Ba3 Bxb5 26.cxb5 Qxb5 27.Qd3 Qe8 28.Qxa6  1-0

[Event "GpB"]
[Site "Cap d'Agde FRA"]
[Date "2006.10.29"]
[Round "7"]
[White "Bacrot,E"]
[Black "Carlsen,M"]
[Result "1/2-1/2"]
[WhiteElo "2705"]
[BlackElo "2698"]

1.d4 Nf6 2.c4 e6 3.Nc3 Bb4 4.Nf3 d5 5.Bg5 O-O 6.e3 c5 7.cxd5 exd5 8.dxc5 Nbd7
9.Rc1 Qa5 10.Nd2 b6 11.c6 d4 12.cxd7 dxc3 13.bxc3 Bxc3 14.Bxf6 gxf6 15.Bd3 Bxd7
16.Rc2 Rfd8 17.O-O Bxd2 18.Rxd2 Bf5 19.e4 Be6 20.e5 f5 21.Qe2 Rd4 22.Qe3 Rad8
23.Qg5+ Kf8 24.Qh6+ Ke8 25.Qf6 Rxd3 26.Qh8+ Ke7 27.Qf6+ Ke8  1/2-1/2

[Event "14th Chigorin Mem"]
[Site "St-Petersburg RUS"]
[Date "2006.10.29"]
[Round "8"]
[White "Sergienko,S"]
[Black "Maletin,P"]
[Result "1-0"]
[WhiteElo "2441"]
[BlackElo "2538"]

1.d4 Nf6 2.c4 e6 3.Nc3 Bb4 4.Nf3 c5 5.g3 cxd4 6.Nxd4 Ne4 7.Qd3 Bxc3+ 8.bxc3 Nc5
9.Qe3 b6 10.Bg2 Bb7 11.Bxb7 Nxb7 12.Qf3 Nc6 13.Ba3 Rc8 14.O-O Nc5 15.Bxc5 bxc5
16.Nb5 O-O 17.Rfd1 Rb8 18.Rd2 Qa5 19.Nd6 Nd4 20.Qf4 Nb3 21.Rb1 Qxc3 22.axb3 Rxb3
23.Rxb3 Qxb3 24.Ne4 Qb4 25.Rxd7  1-0

[Event "14th Chigorin Mem"]
[Site "St-Petersburg RUS"]
[Date "2006.10.29"]
[Round "8"]
[White "Khamzin,O"]
[Black "Makarov,M"]
[Result "0-1"]
[WhiteElo "2318"]
[BlackElo "2515"]

1.d4 Nf6 2.c4 e6 3.Nc3 Bb4 4.Nf3 c5 5.g3 cxd4 6.Nxd4 Ne4 7.Qd3 Bxc3+ 8.bxc3 Nc5
9.Qf3 d6 10.Bg2 O-O 11.O-O Nbd7 12.Rd1 Ne5 13.Qf4 Ng6 14.Qe3 Bd7 15.Nb3 Ba4
16.Ba3 Qc7 17.Rxd6 Qxd6 18.Bxc5 Qa6 19.Bxf8 Bxb3 20.Bc5 Bxc4 21.Rb1 Qxa2
22.Rxb7 Qa1+ 23.Bf1 Rd8 24.Qd4 Bd5 25.Rxa7 Qc1 26.e4 Ne5 27.Qe3 Qxe3 28.fxe3 Bxe4
29.Bd4 Nf3+ 30.Kf2 Nxh2 31.Be2 f6 32.c4 e5 33.Bb6 Rd2 34.Ke1 Rb2 35.c5 Nf3+
36.Kf1 h5 37.Rc7 Kh7 38.Ba7 Kg6 39.Bb6 Rb1+ 40.Kf2 Ng5 41.Ba6 Rb2+ 42.Kf1 Nf3
43.Rd7 Bf5  0-1

[Event "Open A"]
[Site "Le Touquet FRA"]
[Date "2006.10.30"]
[Round "3"]
[White "Giffard,N"]
[Black "Ringoir,T"]
[Result "1-0"]
[WhiteElo "2372"]
[BlackElo "2185"]

1.d4 Nf6 2.Nf3 e6 3.c4 Bb4+ 4.Nc3 b6 5.Qb3 Bxc3+ 6.Qxc3 Bb7 7.b4 d6 8.g3 Nbd7
9.Bg2 O-O 10.O-O c5 11.dxc5 dxc5 12.b5 Ne4 13.Qc2 Ndf6 14.Ng5 Nd6 15.Bb2 g6
16.Bxb7 Nxb7 17.Rad1 Qe7 18.Qc3 e5 19.Qxe5 Qxe5 20.Bxe5 Ng4 21.Bc3 Rad8 22.h3 Nh6
23.Ne4  1-0